<?xml version="1.0" encoding="UTF-8"?>
<record
    xmlns:xsi="http://www.w3.org/2001/XMLSchema-instance"
    xsi:schemaLocation="http://www.loc.gov/MARC21/slim http://www.loc.gov/standards/marcxml/schema/MARC21slim.xsd"
    xmlns="http://www.loc.gov/MARC21/slim">

  <leader>01333    a2200205   4500</leader>
  <controlfield tag="001">54238</controlfield>
  <controlfield tag="005">20260407155813.0</controlfield>
  <controlfield tag="008">260407a1983    arg                 spa d</controlfield>
  <controlfield tag="003">AR-UNSa-BCEJYS</controlfield>
  <datafield tag="040" ind1=" " ind2=" ">
    <subfield code="a">AR-UNSa-BCEJYS</subfield>
    <subfield code="b">spa</subfield>
    <subfield code="c">AR-UNSa-BCEJYS</subfield>
  </datafield>
  <datafield tag="080" ind1=" " ind2=" ">
    <subfield code="a">1(09)</subfield>
    <subfield code="x">Historia de la Filosof&#xED;a</subfield>
  </datafield>
  <datafield tag="245" ind1="1" ind2="0">
    <subfield code="a">Fundamentaci&#xF3;n filosofica de las doctrinas econ&#xF3;micas</subfield>
  </datafield>
  <datafield tag="264" ind1=" " ind2="1">
    <subfield code="a">Mendoza :</subfield>
    <subfield code="b">Universidad Nacional de Cuyo. Facultad de Ciencias Econ&#xF3;micas</subfield>
    <subfield code="c">1983</subfield>
  </datafield>
  <datafield tag="300" ind1=" " ind2=" ">
    <subfield code="a">554 p.</subfield>
    <subfield code="c">21 cm.</subfield>
  </datafield>
  <datafield tag="505" ind1=" " ind2=" ">
    <subfield code="a">1. Filosof&#xED;a y econom&#xED;a &#x2013; 2. Hes&#xED;odo y la dignidad del trabajo &#x2013; 3. El siglo de Pericles &#x2013; 4. S&#xF3;crates &#x2013; 5. El eoikonomikos y los poroi de Jenofonte &#x2013; 6. Plat&#xF3;n &#x2013; 7. Arist&#xF3;teles &#x2013; 8. Los te&#xF3;ricos de la econom&#xED;a rural en Roma &#x2013; 9. La original originalidad del cristianismo &#x2013; 10. La edad media y el que hacer filos&#xF3;fico-tecnol&#xF3;gico de la escol&#xE1;stica &#x2013; 11. Santo Tomas y la econom&#xED;a teol&#xF3;gica &#x2013; 12. El renacimiento Italiano &#x2013; 13. Maquiavelo, el te&#xF3;rico del estado moderno &#x2013; 14. La reforma protestante y el esp&#xED;ritu del capitalismo &#x2013; 15. La filosof&#xED;a moderna y la preocupaci&#xF3;n por el m&#xE9;todo &#x2013; 16. La influencia de la filosof&#xED;a pol&#xED;tica de Hobbies en el mercantilismo. </subfield>
  </datafield>
  <datafield tag="041" ind1=" " ind2=" ">
    <subfield code="a">spa</subfield>
  </datafield>
  <datafield tag="942" ind1=" " ind2=" ">
    <subfield code="c">BK</subfield>
  </datafield>
  <datafield tag="590" ind1=" " ind2=" ">
    <subfield code="a">niveau_biblio:m niveau_hierar:0</subfield>
  </datafield>
  <datafield tag="100" ind1="1" ind2=" ">
    <subfield code="a">Letizia, Francisco</subfield>
  </datafield>
  <datafield tag="999" ind1=" " ind2=" ">
    <subfield code="c">5409</subfield>
    <subfield code="d">5409</subfield>
  </datafield>
  <datafield tag="952" ind1=" " ind2=" ">
    <subfield code="0">0</subfield>
    <subfield code="1">0</subfield>
    <subfield code="4">0</subfield>
    <subfield code="7">0</subfield>
    <subfield code="a">BCEJYS</subfield>
    <subfield code="b">BCEJYS</subfield>
    <subfield code="c">16</subfield>
    <subfield code="d">2026-04-07</subfield>
    <subfield code="l">0</subfield>
    <subfield code="o">1(09) L648</subfield>
    <subfield code="p">L39104</subfield>
    <subfield code="r">2026-04-07 15:58:13</subfield>
    <subfield code="w">2026-04-07</subfield>
    <subfield code="y">L</subfield>
  </datafield>
</record>
